000
00185nam a2200085Ia 4500
942
_c
BK
245
0
_a
ECOTOURISM
100
_a
FENNELL DAVID
008
210804s9999 xx 000 0 und d
999
_c
40509
_d
40508